书目信息 |
| 题名: |
追寻勇士的足迹
|
|
| 作者: | 沈英甲 主编 | |
| 分册: | ||
| 出版信息: | 北京 科学普及出版社 2000.01 |
|
| 页数: | 246页 | |
| 开本: | 32开 | |
| 丛书名: | ||
| 单 册: | ||
| 中图分类: | N8-49 | |
| 科图分类: | ||
| 主题词: | 自然科学--调查 , 自然科学--考察 | |
| 电子资源: | ||
| ISBN: | 7-110-04791-1 | |
| 000 | 00587nam0 2200205 45 | |
| 001 | 0010231540 | |
| 005 | 20001023151100.7 | |
| 010 | @a7-110-04791-1@d10.00元 | |
| 100 | @a20001023d2000 km y0chiy0120 ea | |
| 101 | 0 | @achi |
| 105 | @a z 000yy | |
| 200 | 1 | @a追寻勇士的足迹@AZhui Xun Yong Shi De Zu Ji@f沈英甲主编@FShen Ying Jia Zhu Bian |
| 210 | @a北京@c科学普及出版社@d2000.01 | |
| 215 | @a246页@d32开 | |
| 606 | 0 | @a自然科学@x调查 |
| 606 | 0 | @a自然科学@x考察 |
| 690 | @aN8-49@v3 | |
| 701 | 0 | @a沈英甲@4主编 |
| 801 | @aCN@bPftUser@c20001023 | |
| 905 | @b183916-920@dN8-49@eSH361@f5 | |
| 追寻勇士的足迹/沈英甲主编.-北京:科学普及出版社,2000.01 |
| 246页;32开 |
| ISBN 7-110-04791-1:10.00元 |
| ● |
| 相关链接 |
|
|
|
正题名:追寻勇士的足迹
索取号:N8-49/SH361
 
预约/预借
| 序号 | 登录号 | 条形码 | 馆藏地/架位号 | 状态 | 备注 |
| 1 | 183916 | 201839163 | 自科库401/401自科库 141排2列5层/ [索取号:N8-49/SH361] | 在馆 | |
| 2 | 183917 | 201839172 | 期刊室512/401自科库 141排1列25层/ [索取号:N8-49/SH361] | 在馆 | |
| 3 | 183918 | 201839181 | 期刊室512/401自科库 141排1列25层/ [索取号:N8-49/SH361] | 在馆 | |
| 4 | 183919 | 201839190 | 期刊室512/401自科库 141排1列25层/ [索取号:N8-49/SH361] | 在馆 | |
| 5 | 183920 | 201839207 | 期刊室512/401自科库 141排1列25层/ [索取号:N8-49/SH361] | 在馆 |